Giáo trình nhập môn trí tuệ nhân tạo

Trình bày Khái niệm thuật toán thuật giải; Biểu diễn tri thức; Giới thiệu các phương pháp giúp máy tính biết cách rút ra các tri thức bằng cách "quan sát", "học hỏi" các dữ liệu do chúng ta cung cấp....

وصف كامل

محفوظ في:
التفاصيل البيبلوغرافية
المؤلف الرئيسي: Hoàng Kiếm
مؤلفون آخرون: Nguyễn Anh Dũng
التنسيق: كتاب
اللغة:Vietnamese
منشور في: Tp. Hồ Chí Minh Đại học Quốc gia Tp. Hồ Chí Minh 2011
الموضوعات:
الوسوم: إضافة وسم
لا توجد وسوم, كن أول من يضع وسما على هذه التسجيلة!
Thư viện lưu trữ: Thư viện Trường Đại học Nam Cần Thơ
LEADER 01237nam a22002177a 4500
001 NCT_92838
008 211124b xxu||||| |||| 00| 0 vie d
999 |c 4592  |d 4592 
020 |c 18000 
082 0 4 |2 23rd ed.  |a 006.3  |b K304 
100 1 |a Hoàng Kiếm 
245 1 0 |a Giáo trình nhập môn trí tuệ nhân tạo  |c Hoàng Kiếm, Nguyễn Anh Dũng 
260 |a Tp. Hồ Chí Minh  |b Đại học Quốc gia Tp. Hồ Chí Minh  |c 2011 
300 |a 129 tr.  |b Minh họa  |c 21cm 
500 |a ĐTTS ghi: Đại học Quốc gia Tp. Hồ Chí Minh. Trung tâm PT Công nghệ Thông tin 
520 3 |a Trình bày Khái niệm thuật toán thuật giải; Biểu diễn tri thức; Giới thiệu các phương pháp giúp máy tính biết cách rút ra các tri thức bằng cách "quan sát", "học hỏi" các dữ liệu do chúng ta cung cấp. 
653 |a Công nghệ thông tin 
700 1 |a Nguyễn Anh Dũng 
942 |2 ddc  |c BK 
952 |0 0  |1 0  |2 ddc  |4 0  |6 006_300000000000000_K304  |7 0  |9 21704  |a 000001  |b 000001  |d 2021-11-24  |o 006.3 K304  |p MD.19079  |r 2021-11-24  |v 18000.00  |w 2021-11-24  |y BK 
980 |a Thư viện Trường Đại học Nam Cần Thơ